000 01432cam a2200385 a 4500
001 1562741
003 OSt
005 20140310181935.0
008 921112r1993 nyua j 000 1 eng
010 _a 92055074
020 _a1875481095
040 _aDLC
_cDLC
_dDLC
042 _alcac
050 0 0 _aPZ 7
_b.N458 1993
082 0 0 _aCLA
_bN36r 1993
100 1 _aNesbit, E.
_q(Edith),
_d1858-1924.
_93340
245 1 4 _aThe railway children /
_cE. Nesbit
260 _cAustralia :
_aMcPersons Printing,
_bc1993.
300 _a193 p. :
_b18 cm.
440 0 _aEveryman's library children's classics
_93250
541 _j1
541 _j2
562 _e2
650 1 _aFamily life
_xFiction.
_93341
650 1 _aBrothers and sisters
_xFiction.
_93342
650 1 _aRailroads
_xFiction.
_93343
650 1 _aCountry life
_zEngland
_xFiction.
_93344
651 1 _aEngland
_xFiction.
_93345
700 1 _aBrock, C. E.
_q(Charles Edmund),
_d1870-1938,
_eill.
_93346
856 4 2 _3Contributor biographical information
_uhttp://www.loc.gov/catdir/enhancements/fy0902/92055074-b.html
856 4 2 _3Publisher description
_uhttp://www.loc.gov/catdir/enhancements/fy0902/92055074-d.html
906 _a7
_bcbc
_corignew
_d1
_eocip
_f19
_gy-gencatlg
942 _2lcc
_cBBK
_kCLA
999 _c7531
_d7531